Thế giới nghệ thuật trong truyện ngắn Nguyễn Ngọc Tư

Những vấn đề chung. Thế giới nghệ thuật trong truyện ngắn Nguyễn Ngọc Tư - nhìn từ phương diện nội dung.Thế giới nghệ thuật trong truyện ngắn Nguyễn Ngọc Tư - nhìn từ hình thức biểu hiện.

Đã lưu trong:
Bibliografiske detaljer
Hovedforfatter: Nguyễn, Thị Hạnh
Andre forfattere: Ngô, Khắc Sính TS (Hướng dẫn)
Format: Bog
Sprog:Vietnamese
Udgivet: Đại học Đà Nẵng Trường đại học Sư Phạm 2011
Serier:Khóa luận tốt nghiệp Đại học. Chuyên ngành: Cử Nhân Văn học
Fag:
Tags: Tilføj Tag
Ingen Tags, Vær først til at tagge denne postø!
Thư viện lưu trữ: Mạng thư viện Đại học Đà Nẵng
LEADER 01577nam a2200349 4500
001 000011309
003 7549
005 20120203090205.0
008 120203s2011 viesd
041 |a vie 
072 |a Khóa luận tốt nghiệp 
082 |a 895.9223  |b NG-H 
100 |a Nguyễn, Thị Hạnh 
245 |a Thế giới nghệ thuật trong truyện ngắn Nguyễn Ngọc Tư  |c Nguyễn, Thị Hạnh 
260 |a Đại học Đà Nẵng  |b Trường đại học Sư Phạm  |c 2011 
300 |a 64 tr.  |c 29 cm 
490 |a Khóa luận tốt nghiệp Đại học. Chuyên ngành: Cử Nhân Văn học 
500 |a Tham khảo tr. 63 - 64 + phụ lục ảnh [1 tr.] 
520 |a Những vấn đề chung. Thế giới nghệ thuật trong truyện ngắn Nguyễn Ngọc Tư - nhìn từ phương diện nội dung.Thế giới nghệ thuật trong truyện ngắn Nguyễn Ngọc Tư - nhìn từ hình thức biểu hiện. 
653 |a Khóa luận tốt nghiệp đại học 
653 |a Khoa Ngữ Văn 
700 |a Ngô, Khắc Sính  |c TS  |e Hướng dẫn 
OWN |a LSP 
AVA |a UDN50  |b LSP  |d 895.9223 NG-H  |e available  |t Error 5001 Not defined in file expand_doc_bib_avail.  |f 1  |g 0  |h N  |i 0  |k 1 
999 |a From the UDN01 
AVA |a UDN50  |b LSP  |d 895.9223 NG-H  |e available  |t Error 5001 Not defined in file expand_doc_bib_avail.  |f 1  |g 0  |h N  |i 0  |k 1 
TYP |a Monograph 
TYP |a Printed language 
980 |a Mạng thư viện Đại học Đà Nẵng